书目信息 |
| 题名: |
绿色丰碑
|
|
| 作者: | ;国家林业和草原局 编 | |
| 分册: | ||
| 出版信息: | 北京 中国林业出版社 2018 |
|
| 页数: | 395页 | |
| 开本: | 29cm | |
| 丛书名: | 三北防护林体系建设40年系列丛书 | |
| 单 册: | ||
| 中图分类: | S727.2 | |
| 科图分类: | ||
| 主题词: | 防护林带--生态环境建设--研究--三北地区 | |
| 电子资源: | ||
| ISBN: | 978-7-5038-9775-7 | |
| 000 | 01149oam2 2200265 450 | |
| 001 | 012001002751 | |
| 005 | 20140101150048.0 | |
| 010 | @a978-7-5038-9775-7@b精装@dCNY168.00 | |
| 100 | @a20190109d2018 em y0chiy50 ea | |
| 101 | 0 | @achi |
| 102 | @aCN@b110000 | |
| 105 | @aa z 000yy | |
| 106 | @ar | |
| 200 | 1 | @a绿色丰碑@Alv se feng bei@e三北防护林体系建设40年治理典范@f国家林业和草原局西北华北东北防护林建设局编 |
| 210 | @a北京@c中国林业出版社@d2018 | |
| 215 | @a395页@c彩图@d29cm | |
| 225 | 1 | @a三北防护林体系建设40年系列丛书@f张炜主编 |
| 330 | @a本书收录三北防护林体系建设40年治理典范,内容包括:综合施治 绿染燕山——河北省燕山山地治理成效显著、大力实施三北工程 有效促进生态和民生改善、倾注三北工程建设 权力构筑祖国北方生态屏障等。 | |
| 410 | 0 | @12001 @a三北防护林体系建设40年系列丛书 |
| 517 | 1 | @a三北防护林体系建设40年治理典范@Asan bei fang hu lin ti xi jian she 40 nian zhi li dian fan |
| 606 | 0 | @a防护林带@x生态环境建设@x研究@x三北地区 |
| 690 | @aS727.2@v5 | |
| 711 | 02 | @a国家林业和草原局@Aguo jia lin ye he cao yuan ju@b西北华北东北防护林建设局@4编 |
| 801 | 0 | @aCN@b北京卓展@c20191020 |
| 905 | @b1204333-5@dS727.2@e136@f3 | |
| 绿色丰碑:三北防护林体系建设40年治理典范/国家林业和草原局西北华北东北防护林建设局编.-北京:中国林业出版社,2018 |
| 395页:彩图;29cm.-(三北防护林体系建设40年系列丛书/张炜主编) |
| ISBN 978-7-5038-9775-7(精装):CNY168.00 |
| 本书收录三北防护林体系建设40年治理典范,内容包括:综合施治 绿染燕山——河北省燕山山地治理成效显著、大力实施三北工程 有效促进生态和民生改善、倾注三北工程建设 权力构筑祖国北方生态屏障等。 |
| ● |
| 相关链接 |
|
|
|
|
正题名:绿色丰碑
索取号:S727.2/136
 
预约/预借
| 序号 | 登录号 | 条形码 | 馆藏地/架位号 | 状态 | 备注 |
| 1 | 1204333 | 212043331 | 第二样本阅览室/ [索取号:S727.2/136] | 在馆 | |
| 2 | 1204334 | 212043340 | 第三借阅区/ [索取号:S727.2/136] | 在馆 | |
| 3 | 1204335 | 212043359 | 第三借阅区/ [索取号:S727.2/136] | 在馆 |